High Performance Computing and the Discrete Element Model / (Record no. 677)

MARC details
000 -LEADER
fixed length control field 00675nam a22002057a 4500
005 - DATE AND TIME OF LATEST TRANSACTION
control field 20231102090733.0
008 - FIXED-LENGTH DATA ELEMENTS--GENERAL INFORMATION
fixed length control field 231031b |||||||| |||| 00| 0 eng d
020 ## - INTERNATIONAL STANDARD BOOK NUMBER
International Standard Book Number 9781785480317
040 ## - CATALOGING SOURCE
Original cataloging agency KMU
Transcribing agency KMU
Modifying agency KMU
Description conventions rda
050 ## - LIBRARY OF CONGRESS CALL NUMBER
Classification number TA 347.F5 Zha
100 ## - MAIN ENTRY--PERSONAL NAME
Personal name Zhao, Gao-Feng
245 ## - TITLE STATEMENT
Title High Performance Computing and the Discrete Element Model /
Statement of responsibility, etc. Zhao, Gao-Feng
260 ## - PUBLICATION, DISTRIBUTION, ETC.
Place of publication, distribution, etc. London :
Name of publisher, distributor, etc. ISTE Press Ltd.,
Date of publication, distribution, etc. c2015.
300 ## - PHYSICAL DESCRIPTION
Extent xvii. 145 p. :
Other physical details ill. ;
Dimensions 23cm.
500 ## - GENERAL NOTE
General note Includes bibliographical references (p. 137-145) and index.
650 ## - SUBJECT ADDED ENTRY--TOPICAL TERM
Topical term or geographic name entry element Discrete element method.
650 ## - SUBJECT ADDED ENTRY--TOPICAL TERM
Topical term or geographic name entry element High performance computing.
650 ## - SUBJECT ADDED ENTRY--TOPICAL TERM
Topical term or geographic name entry element Molecular dynamics.
942 ## - ADDED ENTRY ELEMENTS (KOHA)
Source of classification or shelving scheme Library of Congress Classification
Koha item type Non-Fiction
Suppress in OPAC No
Holdings
Withdrawn status Lost status Source of classification or shelving scheme Damaged status Not for loan Collection Home library Current library Shelving location Date acquired Source of acquisition Total Checkouts Full call number Barcode Date last seen Price effective from Koha item type
    Library of Congress Classification     Non-fiction Kapasa Makasa University Kapasa Makasa University Open Access 31.10.2023 Zambia Library Service   TA 347.F5 Zha 300689 31.10.2023 31.10.2023 Non-Fiction